Transferencias condicionadas e igualdad de género: ¿blancos, negros o grises? = Blacks, whites or greys? : conditional transfers and gender equality /
Se plantea la cuestión de en qué medida las transferencias condicionadas (TMC), programas "estrella" de la nueva generación de la política social latinoamericana, inhiben o promueven mayores grados de igualdad de género. Usando un instrumento teórico-empírico, y a partir de fuentes primari...
Zapisane w:
| 1. autor: | |
|---|---|
| organizacja autorów: | , |
| Kolejni autorzy: | |
| Format: | Texto |
| Hasła przedmiotowe: | |
| Etykiety: |
Dodaj etykietę
Nie ma etykietki, Dołącz pierwszą etykiete!
|
MARC
| LEADER | 00000 a a2200000 04500 | ||
|---|---|---|---|
| 001 | 41258 | ||
| 003 | |||
| 040 | |||
| 100 | |a Martínez Franzoni, Juliana | ||
| 245 | |a Transferencias condicionadas e igualdad de género: ¿blancos, negros o grises? = |b Blacks, whites or greys? : conditional transfers and gender equality / |c Juliana Martínez Franzoni ; Koen Voorend | ||
| 500 | |a martinezfranzoni@gmail.com |a koenvoorend@gmail.com | ||
| 520 | |a Se plantea la cuestión de en qué medida las transferencias condicionadas (TMC), programas "estrella" de la nueva generación de la política social latinoamericana, inhiben o promueven mayores grados de igualdad de género. Usando un instrumento teórico-empírico, y a partir de fuentes primarias y secundarias, se comparan tres países con regímenes de bienestar contrastantes: Chile, Costa Rica y El Salvador. Se muestra que, aunque en términos de la igualdad de género, los programas TMC se basan en supuestos que en principio exacerban la histórica división del trabajo entre hombres y mujeres, también pueden transformarla. | ||
| 590 | |a EFU/NOVIEMBRE2011 | ||
| 650 | |a 1.BIENESTAR SOCIAL | ||
| 650 | |a 2.POLITICA SOCIAL | ||
| 650 | |a 3.GENERO | ||
| 650 | |a 4.EQUIDAD SOCIAL | ||
| 650 | |a 5.POBREZA | ||
| 650 | |a 6.RESULTADOS DE INVESTIGACION | ||
| 650 | |a 7.CHILE | ||
| 650 | |a 8.COSTA RICA | ||
| 650 | |a 9.EL SALVADOR | ||
| 700 | |a Voorend, Koen | ||
| 710 | |a Universidad de Costa Rica | ||
| 710 | |b Instituto de Investigaciones Sociales | ||
| 773 | |g número122 ( , 2008), páginas 115-131 | ||
| 999 | |c 38622 |d 38622 | ||
